000 01237cam a22003251a 4500
001 3479
003 BD-RjUL
005 20211208233734.0
008 131219s19791938mnu 000 0 eng
035 _a(BD-RjUL)3513
035 _a(OCoLC)1116700
040 _aDLC
_cOAU
_dCU-S
_dDLC
_beng
041 _aeng
082 0 0 _a335
_216
_bLAO 1979
100 1 _aLange, Oskar,
_d1904-1965.
_910951
245 1 0 _aOn the economic theory of socialism /
_cOskar Lange and Fred M. Taylor ; Benjamin E. Lippincott, editor.
260 _aMinneapolis, Minn. :
_bUniversity of Minnesota Press,
_c1938.
300 _avii, 143 p. ;
_c20 cm.
504 _aBibliography: p. 142-143.
505 0 _aIntroduction / by Benjamin E. Lippincott -- The guidance of production in a socialist state / by Fred M. Taylor -- On the economic theory of socialism / by Oskar Lange.
526 _bEconomics
650 0 _aMarxian economics.
_96707
650 0 _aSocialism.
_910953
700 1 _aLippincott, Benjamin E.
_q(Benjamin Evans),
_d1902-
_910954
700 1 _aTaylor, F. M.
_q(Fred Manville),
_d1855-1932.
_910955
942 _2ddc
_cBK
999 _c3479
_d3479